الحصر الاولى للموارد الرعوية الطبيعية فى دول الخليج والجزيرة العربية. (رقم التسجيلة. 110982)
[ عرض عادي ]
| 000 -LEADER | |
|---|---|
| fixed length control field | 0117700m0a22002530004500 |
| 003 - CONTROL NUMBER IDENTIFIER | |
| control field | EG-GiCUC |
| 008 - FIXED-LENGTH DATA ELEMENTS--GENERAL INFORMATION | |
| fixed length control field | 081106s1982 sy b g 001 0 ara d |
| 040 ## - CATALOGING SOURCE | |
| Original cataloging agency | EG-GiCUC |
| Language of cataloging | ara |
| Transcribing agency | EG-GiCUC |
| 043 ## - GEOGRAPHIC AREA CODE | |
| Geographic area code | *qa*** |
| -- | ar*****a |
| 092 04 - LOCALLY ASSIGNED DEWEY CALL NUMBER (OCLC) | |
| Classification number | 636.084309536 |
| Item number | S5626 |
| Edition number | 21 |
| 099 ## - LOCAL FREE-TEXT CALL NUMBER (OCLC) | |
| Classification number | 04 |
| -- | 636.084309536 S5626 |
| 100 1# - MAIN ENTRY--PERSONAL NAME | |
| Personal name | الشوربجى : مصطفى احمد |
| 245 12 - TITLE STATEMENT | |
| Title | الحصر الاولى للموارد الرعوية الطبيعية فى دول الخليج والجزيرة العربية. |
| Number of part/section of a work | 3دولة قطر/ |
| Statement of responsibility, etc. | مصطفى احمد الشوربجى |
| 260 ## - PUBLICATION, DISTRIBUTION, ETC. | |
| Place of publication, distribution, etc. | دمشق: |
| Name of publisher, distributor, etc. | المركز العربى لدراسات المناطق الجافة والاراضى القاحلة:ادراة الدراسات النباتية:قسم دراسات المراعى: |
| Date of publication, distribution, etc. | 1982 |
| 300 ## - PHYSICAL DESCRIPTION | |
| Extent | 102:39ص: |
| Other physical details | خرائط؛ |
| Dimensions | 29سم |
| 500 ## - GENERAL NOTE | |
| General note | يشتمل على كشاف |
| 650 #7 - SUBJECT ADDED ENTRY--TOPICAL TERM | |
| Topical term or geographic name entry element | المراعى |
| Geographic subdivision | شبه الجزيرة العربية |
| Source of heading or term | qrmak |
| 650 #7 - SUBJECT ADDED ENTRY--TOPICAL TERM | |
| Topical term or geographic name entry element | المراعى |
| Geographic subdivision | قطر |
| Source of heading or term | qrmak |
| 902 ## - LOCAL DATA ELEMENT B, LDB (RLIN) | |
| No. of Items | 1 |
| 905 ## - LOCAL DATA ELEMENT E, LDE (RLIN) | |
| Cataloger | جيهان |
| Reviser | مراجع |
| 905 ## - LOCAL DATA ELEMENT E, LDE (RLIN) | |
| Cataloger | منى |
| Reviser | مدخل |
| 942 ## - ADDED ENTRY ELEMENTS (KOHA) | |
| Source of classification or shelving scheme | Dewey Decimal Classification |
| Koha item type | Books |
| Source of classification or shelving scheme | Not for loan | Home library | Current library | Date acquired | Full call number | Barcode | Date last seen | Copy number | Koha item type |
|---|---|---|---|---|---|---|---|---|---|
| Dewey Decimal Classification | المكتبة المركزبة الجديدة - جامعة القاهرة | قاعة المكتبات المهداة - الدور الرابع | 11.02.2024 | 636.084309536 S5626 K.B. | 01000103000999000 | 23.06.2024 | C.1 | Books |